載入...

Patterns of English prose

書目詳細資料
主要作者: Board of Studies in English University of Kerala, Comp
格式: Printed Book
出版: TVPM Department of Publications University of Kerala 1978
主題:
LEADER 00468nam a2200157 4500
082
100 |a Board of Studies in English University of Kerala, Comp. 
245 |a Patterns of English prose 
250
260 |a TVPM  |b Department of Publications University of Kerala  |c 1978 
300
490
650 |a English essays-- Literature 
942 |c BK 
999 |c 225303  |d 225303 
952 |0 0  |1 0  |4 0  |7 0  |9 239436  |a SDE  |b SDE  |d 2019-12-12  |l 0  |p SDE4618  |r 2019-12-12  |w 2019-12-12  |y BK